Arctic Monkeys Lyrics - Electricity - Statistics

General Stats
  • This quiz has been taken 29 times
  • The average score is 126 of 164
Answer Stats
Lyrics % Correct
electricity
100%
electricity?
100%
you
100%
I
96%
don't
92%
how
92%
know
92%
me
92%
something
92%
tell
92%
Tell
92%
already
88%
Be
88%
be
88%
Darlin',
88%
Like
88%
like
88%
my
88%
want
88%
your
88%
get
83%
to
83%
with
83%
baby,
79%
GTO
79%
it,
79%
it
79%
It
79%
fill
75%
kisses
75%
on
75%
was
75%
and
71%
And
71%
but
71%
Call
71%
calls
71%
else
71%
heart
71%
I'm
71%
no
71%
one
71%
that
71%
breaking
67%
glad
67%
left
67%
see
67%
stopped
67%
dominos
63%
forget
63%
midnight,
63%
unlocked
63%
in,
58%
Love
58%
love
58%
Didn't
54%
sneak
54%
falling
50%
flow
50%
got
50%
how'd
50%
over,
50%
up
50%
snow
46%
thunder,
42%
crept
38%
ebb
38%
takes
38%
Well,
38%
there
33%
face
25%
horns,
25%
locked
25%
Separated,
21%
No matching quizzes found
Score Distribution
Percent of People with Each Score
Percentile by Number Answered
Your Score History
You have not taken this quiz